दीवान-ए-ग़ालिब(दोहों में); दीवान-ए-ग़ालिब के कुछ मशहूर शेरों का दोहानुवाद / (Record no. 10717)

MARC details
000 -LEADER
fixed length control field 01416 a2200241 4500
005 - DATE AND TIME OF LATEST TRANSACTION
control field 2008082807517.0
008 - FIXED-LENGTH DATA ELEMENTS--GENERAL INFORMATION
fixed length control field 080828t xxu||||| |||| 00| 0 hin d
010 ## - LIBRARY OF CONGRESS CONTROL NUMBER
LC control number HIN-82602
020 ## - INTERNATIONAL STANDARD BOOK NUMBER
Terms of availability 225.00
International Standard Book Number 818831711x
035 ## - SYSTEM CONTROL NUMBER
System control number HN-54948
037 ## - SOURCE OF ACQUISITION
Source of stock number/acquisition पु.प्र.अ.प्र/प्रका
082 ## - DEWEY DECIMAL CLASSIFICATION NUMBER
Classification number 841
100 ## - MAIN ENTRY--PERSONAL NAME
Personal name चतुर्वेदी, विश्वम्भरशरण
245 ## - TITLE STATEMENT
Title दीवान-ए-ग़ालिब(दोहों में); दीवान-ए-ग़ालिब के कुछ मशहूर शेरों का दोहानुवाद /
Statement of responsibility, etc विश्वम्भरशरण चतुर्वेदी
246 ## - VARYING FORM OF TITLE
Title proper/short title Deewan-E-Ghalib(Dohon mein)
Remainder of title by Vishwambhar Sharan Chaturvedi
260 ## - PUBLICATION, DISTRIBUTION, ETC. (IMPRINT)
Place of publication, distribution, etc दिल्ली
Name of publisher, distributor, etc माईड एण्ड बॉडी ग्रोथ ओरिजिन
Date of publication, distribution, etc 2007
270 ## - ADDRESS
Address 1/6588, सी/रोहतास नगर(पूर्व), शाहदरा
City दिल्ली
Postal code 110032
Telephone number 011- 22328142
300 ## - PHYSICAL DESCRIPTION
Extent 144पृ
Dimensions 22 सेमी (सजिल्द)
650 ## - SUBJECT ADDED ENTRY--TOPICAL TERM
Topical term or geographic name as entry element हिन्दी कविताएँ
650 ## - SUBJECT ADDED ENTRY--TOPICAL TERM
Topical term or geographic name as entry element Hindi Poems
942 ## - ADDED ENTRY ELEMENTS (KOHA)
Institution code [OBSOLETE] dpl
Koha item type Hindi Books
Call number prefix 841 / चतुर्वे
Source of classification or shelving scheme Dewey Decimal Classification
Classification part 841
Call number suffix चतुर्वे
Holdings
Withdrawn status Lost status Damaged status Not for loan Home library Current library Date acquired Cost, normal purchase price Total Checkouts Full call number Barcode Date last seen Copy number Uniform Resource Identifier Cost, replacement price Price effective from Koha item type
        D.B.Act.Division D.B.Act.Division   225.00   841 चतुर्वे HN-54948 15/09/2008 1 11799 225.00 15/09/2008 Hindi Books

© Delhi Public Library
Hit Counter
free hit counter